Normal view
MARC view
- PhD- Aerospace Engineering
Entry Topical Term
001 - CONTROL NUMBER
- control field: 123175
003 - CONTROL NUMBER IDENTIFIER
- control field: NUST
005 - DATE AND TIME OF LATEST TRANSACTION
- control field: 20240604100100.0
008 - FIXED-LENGTH DATA ELEMENTS
- fixed length control field: 240604|| aca||aabn | a|a d
040 ## - CATALOGING SOURCE
- Original cataloging agency: NUST
- Transcribing agency: NUST
150 ## - HEADING--TOPICAL TERM
- Topical term or geographic name entry element: PhD- Aerospace Engineering
670 ## - SOURCE DATA FOUND
- Source citation: Work cat.: (NUST): Mehmood, Kashif 31528, Aerodynamic Performance and Comparative Analysis of Bladeless Fan Technology for Commercial and Aerospace Applications /
